000 00412nam a2200157Ia 4500
008 210210b1979 xxu||||| |||| 00| 0 eng d
082 _a653.42 KUTA
100 _aKUTHIALA (O P).
245 _aAides to spellings, distinctive words, etc.
250 _a
260 _aNew Delhi.
_bPitman shorthand school publications,
_c1979
300 _a45
650 _aShorthand
690 _aShorthand
906 _a045095
999 _c94581
_d94581